000
00286nam a2200133Ia 4500
100
_a
Zeldovich/Y.B
942
_c
BK
654
_a
maths
245
_a
Higher Mathematics For Beginners
260
_b
Mir Publishers
_a
Moscow
_c
1973
082
_a
518
300
_a
496
546
_a
ENGLISH
999
_c
31069
_d
31069